00413nam a2200169 a 4500001000400000003000900004008004100013040002800054082001700082100002300099245002800122250000800150260002700158300001000185490002600195650002200221473CO-ViMGA141112s2004 ck r 000 u spa d aCO-ViMGAbspacCO-ViMGA04a843.912 M6571 aMonteilhet, Hubert10aDe profesión fantasma a18a aMadrid : bS.M, c1979 a196 p aEl barco de vapor, 1014aCUENTOS FRANCESES